Kamus kata klasik (Record no. 152436)

MARC details
000 -LEADER
fixed length control field 00777nam a2200265 i 4500
001 - CONTROL NUMBER
control field C2-0233501
003 - CONTROL NUMBER IDENTIFIER
control field PPAK
005 - DATE AND TIME OF LATEST TRANSACTION
control field 20180728090704.0
008 - FIXED-LENGTH DATA ELEMENTS--GENERAL INFORMATION
fixed length control field 010528s2001 my |||| ||||| | may d
020 ## - INTERNATIONAL STANDARD BOOK NUMBER
International Standard Book Number 9676111457 ; 9789676111456
040 ## - CATALOGING SOURCE
Original cataloging agency PPAK
Language of cataloging eng
Transcribing agency PPAK
Description conventions rda
082 04 - DEWEY DECIMAL CLASSIFICATION NUMBER
Classification number 899.2303
Edition number 23
090 00 - LOCALLY ASSIGNED LC-TYPE CALL NUMBER (OCLC); LOCAL CALL NUMBER (RLIN)
Classification number (OCLC) (R) ; Classification number, CALL (RLIN) (NR) 899.2303
Feature heading RAH
Feature heading R
100 0# - MAIN ENTRY--PERSONAL NAME
Personal name Rahman Shaari,
Relator term author
245 10 - TITLE STATEMENT
Title Kamus kata klasik
264 #1 - PRODUCTION, PUBLICATION, DISTRIBUTION, MANUFACTURE, AND COPYRIGHT NOTICE
Place of production, publication, distribution, manufacture Kuala Lumpur :
Name of producer, publisher, distributor, manufacturer Utusan Publications & Distributors Sdn Bhd ,
Date of production, publication, distribution, manufacture, or copyright notice 2001
300 ## - PHYSICAL DESCRIPTION
Extent 106 pages ;
Dimensions 22 cm
336 ## - CONTENT TYPE
Source rdacontent
Content type term text
337 ## - MEDIA TYPE
Source rdamedia
Media type term unmediated
338 ## - CARRIER TYPE
Source rdacarrier
Carrier type term volume
490 1# - SERIES STATEMENT
Series statement Teman ujana sastera Utusan
650 10 - SUBJECT ADDED ENTRY--TOPICAL TERM
Topical term or geographic name entry element Malay literature - Dictionaries
830 #0 - SERIES ADDED ENTRY--UNIFORM TITLE
Uniform title Teman ujana sastera Utusan
942 ## - ADDED ENTRY ELEMENTS (KOHA)
-- dc
Koha item type Book
Holdings
Withdrawn Not for loan Current library Shelving location Date acquired Full call number Barcode Date last seen Koha item type
  Not For Loan Perpustakaan Alor Setar Rujukan Dewasa 23/08/2001 R 899.2303 RAH A00968274 31/05/2018 Book
  Not For Loan Perpustakaan Alor Setar Rujukan Dewasa 23/08/2001 R 899.2303 RAH A00968275 31/05/2018 Book
  Not For Loan Perpustakaan Awam Sungai Petani Rujukan Dewasa 23/08/2001 R 899.2303 RAH A00968276 31/05/2018 Book
  Not For Loan Perpustakaan Baling Rujukan Dewasa 28/08/2003 R 899.2303 RAH A00807672 31/05/2018 Book
  Not For Loan Perpustakaan Bandar Baharu Rujukan Dewasa 23/08/2001 R 899.2303 RAH A00968281 31/05/2018 Book
  Not For Loan Perpustakaan Jitra Rujukan Dewasa 23/08/2001 R 899.2303 RAH A00968277 31/05/2018 Book
  Not For Loan Perpustakaan Kulim Rujukan Dewasa 23/08/2001 R 899.2303 RAH A00968279 31/05/2018 Book
  Not For Loan Perpustakaan Langkawi Rujukan Dewasa 23/08/2001 R 899.2303 RAH A00968278 31/05/2018 Book
  Not For Loan Perpustakaan Yan Rujukan Dewasa 23/08/2001 R 899.2303 RAH A00968280 31/05/2018 Book